Statistics for 1990s Albums

Click here to take the quiz!

General Stats

  • This quiz has been taken 19,894 times
    (10,909 since last reset)
  • The average score is 13 of 22

Answer Stats

YearAlbumArtist or Group% Correct
1999The Slim Shady LPEminem
92%
1999...Baby One More TimeBritney Spears
90%
1991NevermindNirvana
90%
1999CalifornicationRed Hot Chili Peppers
87%
1995Gangsta's ParadiseCoolio
79%
1994DookieGreen Day
68%
1992
The Bodyguard
Soundtrack
Whitney Houston
68%
1997OK ComputerRadiohead
65%
1995Jagged Little PillAlanis Morissette
63%
1991Achtung BabyU2
60%
1996All Eyez on Me2Pac
54%
1997TubthumperChumbawamba
51%
1992The ChronicDr. Dre
48%
1991TenPearl Jam
48%
1991Use Your Illusion IGuns n' Roses
46%
1993The SignAce of Base
45%
1994Definitely MaybeOasis
45%
1994Ready to DieThe Notorious B.I.G.
40%
1994Ill CommunicationBeastie Boys
35%
1994CrazySexyCoolTLC
35%
1996OdelayBeck
31%
1994The Downward SpiralNine Inch Nails
26%

Score Distribution

Percentile by Number Answered

Percent of People with Each Score

Your Score History

You have not taken this quiz since the last reset